ბათუმის შოთა რუსთაველის სახელმწიფო უნივერსიტეტის ბიბლიოთეკა

ჩანაწერი Topical Term

ჩანაწერთა რაოდენობა, რომელიც გამოყენებულია: 1

001 - CONTROL NUMBER

  • control field: 22896

003 - CONTROL NUMBER IDENTIFIER

  • control field: GE_BSU

005 - DATE AND TIME OF LATEST TRANSACTION

  • control field: 20240722152427.0

008 - FIXED-LENGTH DATA ELEMENTS

  • fixed length control field: 240722|| aca||aabn | a|a d

040 ## - CATALOGING SOURCE

  • Original cataloging agency: GE_BSU
  • Transcribing agency: GE_BSU

150 ## - HEADING--TOPICAL TERM

  • Topical term or geographic name entry element: Mass media
  • General subdivision: Study and teaching (Graduate)

670 ## - SOURCE DATA FOUND

  • Source citation: Work cat.: (GE_BSU)0: Fernback, Jan, 1964- 22895, Teaching communication and media studies :